Plánovanie verejného obstarávania

Zmysel procesu verejného obstarávania. Plán verejného obstarávania. Stanovenie požiadaviek na predmet obstarávania. Prieskum trhu. Stratégia zmluvného záväzku. Spracovanie súťažných podkladov.

Gespeichert in:
Bibliographische Detailangaben
1. Verfasser: Bakay, Mikuláš
Format: Buchkapitel
Sprache:Slowakisch
Schlagworte:
Tags: Tag hinzufügen
Keine Tags, Fügen Sie das erste Tag hinzu!

MARC

LEADER 00000naa a2200000 4500
001 r040045
005 20230925100812.6
041 0 |a slo 
044 |a SK 
245 1 0 |a Plánovanie verejného obstarávania  |c Mikuláš Bakay 
520 |a Zmysel procesu verejného obstarávania. Plán verejného obstarávania. Stanovenie požiadaviek na predmet obstarávania. Prieskum trhu. Stratégia zmluvného záväzku. Spracovanie súťažných podkladov. 
610 2 0 |a obstarávanie verejné 
610 2 0 |a plánovanie 
610 2 0 |a prieskum trhu 
610 2 0 |a podnikatelia 
610 2 0 |a záväzky 
610 2 0 |a súťaž verejná 
100 1 |a Bakay, Mikuláš